<?xml version="1.0" encoding="UTF-8"?>
<record
    xmlns:xsi="http://www.w3.org/2001/XMLSchema-instance"
    xsi:schemaLocation="http://www.loc.gov/MARC21/slim http://www.loc.gov/standards/marcxml/schema/MARC21slim.xsd"
    xmlns="http://www.loc.gov/MARC21/slim">

  <leader>00858nam a22002177a 4500</leader>
  <controlfield tag="005">20220722113201.0</controlfield>
  <controlfield tag="008">220722b           ||||| |||| 00| 0 eng d</controlfield>
  <datafield tag="040" ind1=" " ind2=" ">
    <subfield code="c">Aloy</subfield>
  </datafield>
  <datafield tag="041" ind1=" " ind2=" ">
    <subfield code="a">hin</subfield>
  </datafield>
  <datafield tag="082" ind1=" " ind2=" ">
    <subfield code="2">23</subfield>
    <subfield code="a">H891.4</subfield>
    <subfield code="b">SING</subfield>
  </datafield>
  <datafield tag="100" ind1=" " ind2=" ">
    <subfield code="a">Parmanand Simh: &#x92A;&#x930;&#x92E;&#x93E;&#x928;&#x928;&#x94D;&#x926;  &#x938;&#x93F;&#x902;&#x939; Ed</subfield>
    <subfield code="9">52625</subfield>
  </datafield>
  <datafield tag="245" ind1=" " ind2=" ">
    <subfield code="a">Gandhi ki itihas drashti: &#x917;&#x93E;&#x901;&#x927;&#x940; &#x915;&#x940; &#x907;&#x924;&#x93F;&#x939;&#x93E;&#x938; &#x926;&#x94D;&#x930;&#x937;&#x94D;&#x91F;&#x93F; </subfield>
  </datafield>
  <datafield tag="260" ind1=" " ind2=" ">
    <subfield code="a">Varnasi:</subfield>
    <subfield code="b">Mahatma Gandhi Kashi Vidyapeet</subfield>
    <subfield code="c">2005</subfield>
  </datafield>
  <datafield tag="300" ind1=" " ind2=" ">
    <subfield code="a">xiv,395p.</subfield>
    <subfield code="b">PB</subfield>
    <subfield code="c">22x13cm.</subfield>
  </datafield>
  <datafield tag="365" ind1=" " ind2=" ">
    <subfield code="2">Hindi</subfield>
  </datafield>
  <datafield tag="650" ind1=" " ind2=" ">
    <subfield code="a">Hindi Prose: &#x939;&#x93F;&#x902;&#x926;&#x940; &#x917;&#x926;&#x94D;&#x92F; </subfield>
    <subfield code="9">52576</subfield>
  </datafield>
  <datafield tag="650" ind1=" " ind2=" ">
    <subfield code="a">Hindi Sahity: &#x939;&#x93F;&#x902;&#x926;&#x940; &#x938;&#x93E;&#x939;&#x93F;&#x924;&#x94D;&#x92F; </subfield>
    <subfield code="9">52577</subfield>
  </datafield>
  <datafield tag="700" ind1=" " ind2=" ">
    <subfield code="a">SIMH (Parmanand): &#x938;&#x93F;&#x902;&#x939; (&#x92A;&#x930;&#x92E;&#x93E;&#x928;&#x928;&#x94D;&#x926;) Ed</subfield>
    <subfield code="9">52578</subfield>
  </datafield>
  <datafield tag="700" ind1=" " ind2=" ">
    <subfield code="a">SIMH (Surendr): &#x938;&#x93F;&#x902;&#x939; (&#x938;&#x941;&#x930;&#x947;&#x902;&#x926;&#x94D;&#x930;) Ed</subfield>
    <subfield code="9">52579</subfield>
  </datafield>
  <datafield tag="942" ind1=" " ind2=" ">
    <subfield code="2">ddc</subfield>
    <subfield code="c">GF</subfield>
  </datafield>
  <datafield tag="999" ind1=" " ind2=" ">
    <subfield code="c">224105</subfield>
    <subfield code="d">224105</subfield>
  </datafield>
  <datafield tag="952" ind1=" " ind2=" ">
    <subfield code="0">0</subfield>
    <subfield code="1">0</subfield>
    <subfield code="2">ddc</subfield>
    <subfield code="4">0</subfield>
    <subfield code="7">0</subfield>
    <subfield code="8">HIN</subfield>
    <subfield code="a">AL</subfield>
    <subfield code="b">AL</subfield>
    <subfield code="d">2013-03-24</subfield>
    <subfield code="l">0</subfield>
    <subfield code="o">H891.4 SIMG</subfield>
    <subfield code="p">GF02500</subfield>
    <subfield code="r">2022-07-22 00:00:00</subfield>
    <subfield code="w">2022-07-22</subfield>
    <subfield code="y">GF</subfield>
  </datafield>
</record>
